000 00642nam a2200181 a 4500
005 20140414093840.0
008 071008s19uu xx 00 eng d
050 _aDVD 791.43
_bLEW 1990
100 _aLewis C.S.
245 _aThe chronicles of Narnia :
_bvideo collection /
_cC.S. Lewis.
260 _aUnited Kingdom:
_bBritish Broadcasting Corporation,
_cc1990.
300 _a3 DVDs,
500 _a[The Classic Edition]
520 _aContents: 1. The lion the witch and the wardrobe.-- 2. The Prince Caspian and the voyage of the dawn treader.-- 3. The silver chair.
650 _aFilm adaptations.
942 _cAVM
999 _c109260
_d109260